000 01306nam a2200337Ia 4500
001 ebr10605288
003 CaPaEBR
006 m u
007 cr cn|||||||||
008 120820s2012 njua sb 001 0 eng d
010 _z 2012025734
020 _z9780470874202 (cloth)
020 _z9781118409299 (ebook)
040 _aCaPaEBR
_cCaPaEBR
035 _a(OCoLC)808108828
050 1 4 _aTD193
_b.R43 2012eb
082 0 4 _a660.6/34
_223
245 0 0 _aRedox biocatalysis
_h[electronic resource] :
_bfundamentals and applications /
_cDaniela Gamenara ... [et al.].
260 _aHoboken, N.J. :
_bWiley,
_c2012.
300 _ax, 537 p. :
_bill.
504 _aIncludes bibliographical references and index.
533 _aElectronic reproduction.
_bPalo Alto, Calif. :
_cebrary,
_d2011.
_nAvailable via World Wide Web.
_nAccess may be limited to ebrary affiliated libraries.
650 0 _aEnvironmental chemistry
_xIndustrial applications.
650 0 _aEnvironmental chemistry.
650 0 _aEnzymes.
650 0 _aOxidation-reduction reaction.
655 7 _aElectronic books.
_2local
700 1 _aGamenara, Daniela,
_d1964-
710 2 _aebrary, Inc.
856 4 0 _uhttp://site.ebrary.com/lib/rucke/Doc?id=10605288
_zAn electronic book accessible through the World Wide Web; click to view
999 _c97183
_d97183